[Event "ENG-ch Senior 65+"]
[Site "Leamington"]
[Date "2023.05.05"]
[Round "2.14"]
[White "Jones, Michael R"]
[Black "Baguley, John"]
[Result "0-1"]
[WhiteElo "1477"]
[BlackElo "1811"]
[PlyCount "72"]
[EventDate "2023.05.04"]
[EventType "swiss"]
[EventRounds "7"]
[EventCountry "ENG"]
[SourceTitle "BritBase"]
[Source "John Saunders"]
[SourceDate "2023.05.08"]
[SourceVersion "1"]
[SourceVersionDate "2023.05.08"]
[SourceQuality "1"]

1. e4 c6 2. d4 d5 3. e5 Bf5 4. Nf3 e6 5. Be2 c5 6. Be3 cxd4 7. Nxd4 Bg6 8. O-O
Ne7 9. Nd2 Qc7 10. N2f3 Nf5 11. Nb5 Qd7 12. Bf4 a6 13. Nbd4 Bc5 14. Nxf5 Bxf5
15. Nd4 Bxd4 16. Qxd4 O-O 17. Qd1 Nc6 18. c3 Qc7 19. Bd3 Bxd3 20. Qxd3 f6 21.
Qd2 fxe5 22. Bg3 Qb6 23. Kh1 e4 24. Rae1 Ne7 25. Be5 Ng6 26. Bd4 Qd6 27. b4 Rf4
28. Bc5 Qc6 29. Be3 Rf5 30. f4 exf3 31. Rf2 fxg2+ 32. Rxg2 Nh4 33. Rxg7+ Kxg7
34. Qd4+ e5 35. Bh6+ Kxh6 36. Qxh4+ Rh5 0-1

[Event "ENG-ch Senior 65+"]
[Site "Leamington"]
[Date "2023.05.05"]
[Round "2.15"]
[White "Pollyn, Stephen M"]
[Black "Collins, Nigel"]
[Result "1/2-1/2"]
[WhiteElo "1791"]
[BlackElo "1454"]
[PlyCount "42"]
[EventDate "2023.05.04"]
[EventType "swiss"]
[EventRounds "7"]
[EventCountry "ENG"]
[SourceTitle "BritBase"]
[Source "John Saunders"]
[SourceDate "2023.05.08"]
[SourceVersion "1"]
[SourceVersionDate "2023.05.08"]
[SourceQuality "1"]

1. e4 c5 2. d4 cxd4 3. c3 dxc3 4. Nxc3 Nc6 5. Bc4 e6 6. Qe2 Bb4 7. Nf3 Nge7 8.
O-O Bxc3 9. bxc3 a6 10. Rd1 b5 11. Bd3 O-O 12. Bf4 Ng6 13. Bd6 Re8 14. e5 Bb7
15. Qe3 h6 16. Bxg6 fxg6 17. Qd3 Ne7 18. Nd4 Nf5 19. Qh3 Qg5 20. Nxf5 gxf5 21.
Rd4 Rac8 1/2-1/2

[Event "ENG-ch Senior 65+"]
[Site "Leamington"]
[Date "2023.05.05"]
[Round "2.16"]
[White "Robinson, Steve"]
[Black "Neatherway, A Philip"]
[Result "0-1"]
[WhiteElo "1297"]
[BlackElo "1739"]
[PlyCount "88"]
[EventDate "2023.05.04"]
[EventType "swiss"]
[EventRounds "7"]
[EventCountry "ENG"]
[SourceTitle "BritBase"]
[Source "John Saunders"]
[SourceDate "2023.05.08"]
[SourceVersion "1"]
[SourceVersionDate "2023.05.08"]
[SourceQuality "1"]

1. Nc3 d5 2. e4 e6 3. d4 Nf6 4. Bg5 Be7 5. e5 Nfd7 6. Be3 c5 7. Qg4 cxd4 8.
Qxg7 Rf8 9. Bxd4 Nc6 10. O-O-O Nxd4 11. Rxd4 Qb6 12. Nf3 Nc5 13. Bb5+ Bd7 14.
Nxd5 exd5 15. Bxd7+ Kxd7 16. Qg4+ Qe6 17. Rxd5+ Kc7 18. Qc4 Rad8 19. Rhd1 Rxd5
20. Qxd5 Qxd5 21. Rxd5 Ne4 22. Nd4 Nxf2 23. e6 fxe6 24. Nxe6+ Kc6 25. c4 Rf6
26. Nd4+ Kc7 27. Nb5+ Kb8 28. Rd7 Re6 29. Kc2 Ng4 30. Nc7 Kc8 31. Nxe6 Kxd7 32.
Nd4 Nxh2 33. a3 Ng4 34. Kd3 Bf6 35. b4 h5 36. c5 Bxd4 37. Kxd4 Kc6 38. a4 a6
39. g3 Nf2 40. Ke3 Nd1+ 41. Kf4 Kd5 42. Kg5 Nf2 43. Kxh5 Kc4 44. g4 Nxg4 0-1

[Event "ENG-ch Senior 65+"]
[Site "Leamington"]
[Date "2023.05.05"]
[Round "2.17"]
[White "Hall, Alan A"]
[Black "Selley, Susan A"]
[Result "1-0"]
[WhiteElo "1747"]
[BlackElo "1353"]
[PlyCount "89"]
[EventDate "2023.05.04"]
[EventType "swiss"]
[EventRounds "7"]
[EventCountry "ENG"]
[SourceTitle "BritBase"]
[Source "John Saunders"]
[SourceDate "2023.05.08"]
[SourceVersion "1"]
[SourceVersionDate "2023.05.08"]
[SourceQuality "1"]

1. d4 d6 2. c4 g6 3. Nf3 Bg7 4. Nc3 e5 5. dxe5 dxe5 6. Qc2 Ne7 7. e4 Nbc6 8.
Be3 Nd4 9. Bxd4 exd4 10. Rd1 c5 11. Be2 Qa5 12. Qa4+ Qxa4 13. Nxa4 b6 14. b3
O-O 15. O-O Nc6 16. Nb2 Re8 17. Bd3 Bg4 18. h3 Bxf3 19. gxf3 Bh6 20. Rfe1 Nb4
21. Bb1 Re5 22. a3 Nc6 23. Nd3 Rh5 24. Kg2 Re8 25. f4 Rh4 26. Kg3 g5 27. f3 Kh8
28. e5 Ne7 29. Nf2 Rxf4 30. Ng4 Bg7 31. h4 Nf5+ 32. Bxf5 Rxf5 33. hxg5 Rxg5 34.
f4 Rf5 35. Rh1 f6 36. exf6 Bxf6 37. Nh6 Bh4+ 38. Rxh4 Re3+ 39. Kf2 Rf8 40. Rg1
Re7 41. Rhg4 Ree8 42. f5 d3 43. Rd1 Rf6 44. Rh4 Rd6 45. Nf7+ 1-0

[Event "ENG-ch Senior 65+"]
[Site "Leamington"]
[Date "2023.05.05"]
[Round "2.18"]
[White "Waldock, Adrian Dp"]
[Black "Hanks, Peter"]
[Result "1-0"]
[WhiteElo "1686"]
[BlackElo "1249"]
[PlyCount "77"]
[EventDate "2023.05.04"]
[EventType "swiss"]
[EventRounds "7"]
[EventCountry "ENG"]
[SourceTitle "BritBase"]
[Source "John Saunders"]
[SourceDate "2023.05.08"]
[SourceVersion "1"]
[SourceVersionDate "2023.05.08"]
[SourceQuality "1"]

1. e4 d6 2. d4 Nf6 3. Bd3 h6 4. c4 c6 5. Nc3 Qc7 6. h3 Nbd7 7. Nf3 g5 8. g4 e5
9. Be3 Be7 10. Qc2 Nf8 11. O-O-O Bd7 12. Kb1 O-O-O 13. Ne2 Ng6 14. Ng3 Nh4 15.
Nxh4 gxh4 16. Nf5 Bxf5 17. exf5 d5 18. dxe5 Qxe5 19. Bxa7 d4 20. Bb6 Kd7 21.
Rde1 Qd6 22. c5 Qb8 23. Bxd8 Rxd8 24. Bc4 Bxc5 25. Bxf7 Qa7 26. Qc4 Kc7 27. Re6
b5 28. Qb3 Nd5 29. Rxh6 Nb4 30. a3 Nd5 31. Bxd5 Rxd5 32. Rh7+ Rd7 33. Rxd7+
Kxd7 34. Qf7+ Be7 35. f6 Qc5 36. Re1 d3 37. Rxe7+ Qxe7 38. Qxe7+ Kc8 39. Qd6
1-0

[Event "ENG-ch Senior 65+"]
[Site "Leamington"]
[Date "2023.05.05"]
[Round "3.1"]
[White "Clark, Robert G"]
[Black "Littlewood, Paul E"]
[Result "0-1"]
[WhiteElo "2080"]
[BlackElo "2347"]
[PlyCount "62"]
[EventDate "2023.05.04"]
[EventType "swiss"]
[EventRounds "7"]
[EventCountry "ENG"]
[SourceTitle "BritBase"]
[Source "John Saunders"]
[SourceDate "2023.05.08"]
[SourceVersion "1"]
[SourceVersionDate "2023.05.08"]
[SourceQuality "1"]

1. c4 Nf6 2. g3 g6 3. Bg2 Bg7 4. Nf3 O-O 5. O-O d6 6. Nc3 c6 7. Rb1 e5 8. d3
Re8 9. b4 d5 10. Nd2 Be6 11. a4 Nbd7 12. a5 a6 13. Na4 Rb8 14. Qc2 Bf8 15. Nf3
dxc4 16. dxc4 Bf5 17. Qb3 Bxb1 18. Qxb1 Qe7 19. Bd2 Rbd8 20. Bc3 e4 21. Nd4 e3
22. f3 Bg7 23. Rc1 h5 24. Bh3 h4 25. b5 c5 26. Nb3 hxg3 27. hxg3 Nh5 28. Bxd7
Qxd7 29. Kg2 axb5 30. cxb5 Qxb5 31. Bxg7 Qxe2+ 0-1

[Event "ENG-ch Senior 65+"]
[Site "Leamington"]
[Date "2023.05.05"]
[Round "3.2"]
[White "De Coverly, Roger D"]
[Black "Moore, Geoffrey R"]
[Result "1/2-1/2"]
[WhiteElo "1945"]
[BlackElo "1969"]
[PlyCount "55"]
[EventDate "2023.05.04"]
[EventType "swiss"]
[EventRounds "7"]
[EventCountry "ENG"]
[SourceTitle "BritBase"]
[Source "John Saunders"]
[SourceDate "2023.05.08"]
[SourceVersion "1"]
[SourceVersionDate "2023.05.08"]
[SourceQuality "1"]

1. Nf3 Nf6 2. g3 g6 3. Bg2 Bg7 4. O-O O-O 5. d4 d6 6. c4 Nc6 7. Nc3 a6 8. Bg5
h6 9. Bd2 Rb8 10. Rc1 Bd7 11. d5 Na5 12. Nb1 c5 13. Bc3 b5 14. b3 b4 15. Bb2 e5
16. Nbd2 Nb7 17. e4 a5 18. Ne1 a4 19. Nd3 Nh7 20. f4 a3 21. Ba1 f6 22. Qe2 Qc8
23. fxe5 fxe5 24. Rxf8+ Qxf8 25. Rf1 Qe7 26. Nf3 Rf8 27. Nf2 Ng5 28. h4 1/2-1/2

[Event "ENG-ch Senior 65+"]
[Site "Leamington"]
[Date "2023.05.05"]
[Round "3.3"]
[White "Baker, Chris W"]
[Black "Raynes, Paul"]
[Result "1-0"]
[WhiteElo "2226"]
[BlackElo "2077"]
[PlyCount "75"]
[EventDate "2023.05.04"]
[EventType "swiss"]
[EventRounds "7"]
[EventCountry "ENG"]
[SourceTitle "BritBase"]
[Source "John Saunders"]
[SourceDate "2023.05.08"]
[SourceVersion "1"]
[SourceVersionDate "2023.05.08"]
[SourceQuality "1"]

1. e4 d6 2. d4 Nf6 3. Nc3 g6 4. Nf3 Bg7 5. h3 a6 6. a4 O-O 7. Bg5 Nc6 8. Be2 b6
9. Qd2 Bb7 10. O-O Re8 11. Rad1 Nb4 12. d5 c5 13. Rfe1 Qb8 14. Bf1 Bc8 15. Nb1
a5 16. Bb5 Nd7 17. c3 Na6 18. Bc6 Ra7 19. Na3 Nc7 20. e5 dxe5 21. d6 exd6 22.
Nc4 Bf8 23. Nxd6 Bxd6 24. Bxd7 Bxd7 25. Qxd6 Bxa4 26. Ra1 Bc2 27. Nxe5 Re6 28.
Qd2 Bf5 29. g4 Ne8 30. f4 Rxe5 31. Rxe5 Be6 32. Rae1 Ng7 33. Bh6 Ra8 34. f5 Bc4
35. Bxg7 Kxg7 36. f6+ Kg8 37. Qh6 Qf8 38. Re8 1-0

[Event "ENG-ch Senior 65+"]
[Site "Leamington"]
[Date "2023.05.05"]
[Round "3.4"]
[White "Bray, Dave J"]
[Black "Shephard, Chris Cw"]
[Result "1/2-1/2"]
[WhiteElo "1989"]
[BlackElo "2189"]
[PlyCount "73"]
[EventDate "2023.05.04"]
[EventType "swiss"]
[EventRounds "7"]
[EventCountry "ENG"]
[SourceTitle "BritBase"]
[Source "John Saunders"]
[SourceDate "2023.05.08"]
[SourceVersion "1"]
[SourceVersionDate "2023.05.08"]
[SourceQuality "1"]

1. Nf3 g6 2. c4 Bg7 3. Nc3 c5 4. g3 Nc6 5. Bg2 e5 6. O-O Nge7 7. d3 O-O 8. Be3
d6 9. Rb1 Rb8 10. a3 a6 11. b4 cxb4 12. axb4 b5 13. cxb5 axb5 14. Qc1 Bg4 15.
Re1 Qd7 16. Bh6 Rfc8 17. Bxg7 Kxg7 18. Qd2 f6 19. Rec1 Rc7 20. e3 Be6 21. d4
Bc4 22. d5 Na7 23. e4 Nac8 24. h4 Nb6 25. Kh2 Ra7 26. Ra1 Rba8 27. Qb2 Nec8 28.
Nd2 Bd3 29. Bh3 Qb7 30. Be6 Nc4 31. Nxc4 bxc4 32. Bxc8 Qxc8 33. Rxa7+ Rxa7 34.
Ra1 Qa8 35. Rxa7+ Qxa7 36. b5 Qb6 37. Kg2 1/2-1/2

[Event "ENG-ch Senior 65+"]
[Site "Leamington"]
[Date "2023.05.05"]
[Round "3.5"]
[White "Snape, Ian L"]
[Black "Hutchinson, Norman A"]
[Result "1-0"]
[WhiteElo "2096"]
[BlackElo "1968"]
[PlyCount "33"]
[EventDate "2023.05.04"]
[EventType "swiss"]
[EventRounds "7"]
[EventCountry "ENG"]
[SourceTitle "BritBase"]
[Source "John Saunders"]
[SourceDate "2023.05.08"]
[SourceVersion "1"]
[SourceVersionDate "2023.05.08"]
[SourceQuality "1"]

1. d4 Nf6 2. c4 e6 3. Nf3 b6 4. g3 Bb4+ 5. Bd2 Be7 6. Bg2 d5 7. Qc2 Bb7 8. O-O
Nbd7 9. cxd5 Bxd5 10. Nc3 Bb7 11. Rad1 O-O 12. e4 Rc8 13. Bc1 c5 14. d5 exd5
15. exd5 Ne8 16. d6 Bxd6 17. Ng5 1-0

[Event "ENG-ch Senior 65+"]
[Site "Leamington"]
[Date "2023.05.05"]
[Round "3.6"]
[White "Page, Mark E"]
[Black "Tucker, David S"]
[Result "1-0"]
[WhiteElo "2044"]
[BlackElo "1909"]
[PlyCount "93"]
[EventDate "2023.05.04"]
[EventType "swiss"]
[EventRounds "7"]
[EventCountry "ENG"]
[SourceTitle "BritBase"]
[Source "John Saunders"]
[SourceDate "2023.05.08"]
[SourceVersion "1"]
[SourceVersionDate "2023.05.08"]
[SourceQuality "1"]

1. e4 c5 2. Nf3 Nc6 3. Bb5 e6 4. Bxc6 bxc6 5. b3 d5 6. d3 Ne7 7. O-O Ng6 8. Nc3
Be7 9. Re1 O-O 10. Ba3 Ba6 11. Na4 c4 12. Bxe7 Qxe7 13. bxc4 dxc4 14. d4 e5 15.
c3 Bc8 16. Nc5 Bg4 17. h3 Bxf3 18. Qxf3 Rfd8 19. Rad1 Rab8 20. g3 Qg5 21. Qf5
Qe7 22. h4 Rb5 23. h5 Nf8 24. Qg4 Ne6 25. h6 Qg5 26. Qxg5 Nxg5 27. Kg2 gxh6 28.
a4 Rbb8 29. dxe5 Ne6 30. Nxe6 fxe6 31. Rd6 Kf7 32. Rxc6 Rbc8 33. Rxc8 Rxc8 34.
Rd1 Ke7 35. Rd4 Rc7 36. f4 a6 37. Kf3 h5 38. f5 exf5 39. exf5 Rc8 40. Rh4 Rc5
41. Ke4 Ra5 42. Rxh5 Rxa4 43. Rxh7+ Kf8 44. e6 Ra1 45. f6 Re1+ 46. Kd5 a5 47.
Rh8# 1-0

[Event "ENG-ch Senior 65+"]
[Site "Leamington"]
[Date "2023.05.05"]
[Round "3.7"]
[White "Bowmer, Kevin"]
[Black "Myall, Ivan J"]
[Result "1/2-1/2"]
[WhiteElo "2093"]
[BlackElo "1924"]
[PlyCount "163"]
[EventDate "2023.05.04"]
[EventType "swiss"]
[EventRounds "7"]
[EventCountry "ENG"]
[SourceTitle "BritBase"]
[Source "John Saunders"]
[SourceDate "2023.05.08"]
[SourceVersion "1"]
[SourceVersionDate "2023.05.08"]
[SourceQuality "1"]

1. e4 g6 2. d4 Bg7 3. Nc3 c5 4. dxc5 Bxc3+ 5. bxc3 Nf6 6. Bd3 Qa5 7. Ne2 Qxc5
8. O-O Nc6 9. h3 d6 10. Be3 Qa5 11. Bh6 Rg8 12. Be3 g5 13. f3 h5 14. Rb1 g4 15.
Rb5 Qc7 16. fxg4 hxg4 17. h4 Ne5 18. Bg5 Nh7 19. Bf4 a6 20. Rb1 Qc5+ 21. Kh1
Ng6 22. Bg3 Nf6 23. Qe1 Rh8 24. Bf2 Qh5 25. g3 Qa5 26. Nd4 Ne5 27. Qe3 Qc7 28.
a4 Nxd3 29. cxd3 Bd7 30. a5 Rh5 31. Nb3 Bc6 32. Qf4 Qd7 33. Bb6 Rh7 34. Nd4 Nh5
35. Qf2 Rc8 36. c4 Nf6 37. Rbe1 Nh5 38. Kh2 e6 39. Nc2 Ba4 40. Ne3 e5 41. Nf5
f6 42. Ne3 Bc6 43. Qe2 Ke7 44. Rf5 Ng7 45. Rf2 Rch8 46. Ref1 Ne8 47. Nf5+ Kf7
48. Qxg4 Rg8 49. Qe2 Rg6 50. Be3 Qd8 51. Qd2 Bd7 52. Bb6 Qc8 53. Ne3 Be6 54.
Qe2 Bg4 55. Qd2 Rhg7 56. Qe1 Be6 57. Nf5 Bxf5 58. Rxf5 Rxg3 59. Qxg3 Rxg3 60.
Kxg3 Ke6 61. Kh2 Qd7 62. R1f2 Qh7 63. Kh3 Qg6 64. Bd8 Kd7 65. Bxf6 Nxf6 66.
Rxf6 Qg1 67. Rf1 Qe3+ 68. R6f3 Qd2 69. h5 Qg5 70. Rf5 Qe3+ 71. R1f3 Qe1 72. Kg4
Qg1+ 73. Rg3 Qc1 74. Rg5 Qf4+ 75. Kh3 Qf1+ 76. Kh4 Qf4+ 77. R5g4 Qf6+ 78. Kh3
Qf1+ 79. Kh4 Qf6+ 80. Rg5 Qf4+ 81. Kh3 Qf1+ 82. Kh2 1/2-1/2

[Event "ENG-ch Senior 65+"]
[Site "Leamington"]
[Date "2023.05.05"]
[Round "3.8"]
[White "Hutchinson, Paul A"]
[Black "Clancy, Martin J"]
[Result "1/2-1/2"]
[WhiteElo "2005"]
[BlackElo "1706"]
[PlyCount "168"]
[EventDate "2023.05.04"]
[EventType "swiss"]
[EventRounds "7"]
[EventCountry "ENG"]
[SourceTitle "BritBase"]
[Source "John Saunders"]
[SourceDate "2023.05.08"]
[SourceVersion "1"]
[SourceVersionDate "2023.05.08"]
[SourceQuality "1"]

1. d4 Nf6 2. Bf4 g6 3. e3 Bg7 4. h3 b6 5. Nf3 Bb7 6. c4 d6 7. Nc3 O-O 8. Be2
Nbd7 9. O-O Re8 10. Bh2 e5 11. Qc2 a5 12. a3 h6 13. Rfd1 e4 14. Nd2 Qe7 15. b4
c6 16. Rab1 Bf8 17. Nb3 axb4 18. axb4 Qe6 19. d5 cxd5 20. Nb5 Rec8 21. N3d4 Qe8
22. Bxd6 Qd8 23. Qb3 Be7 24. Ra1 Nf8 25. c5 bxc5 26. bxc5 Rxc5 27. Bxc5 Bxc5
28. Rxa8 Bxa8 29. Qc3 N6d7 30. Nb3 Qb6 31. Nxc5 Nxc5 32. Rc1 Nfe6 33. Na3 Bc6
34. Rb1 Qc7 35. Nc2 Na4 36. Qb4 Kg7 37. Nd4 Bd7 38. Qb7 Qd6 39. Qb8 Qxb8 40.
Rxb8 Nc3 41. Bf1 Nxd4 42. exd4 Kf6 43. Rb3 Na2 44. Ba6 Nc1 45. Ra3 h5 46. Kf1
Nd3 47. Bxd3 exd3 48. Ra6+ Kf5 49. Rd6 Be6 50. Rb6 Ke4 51. Rb4 Bc8 52. Ke1 g5
53. Kd2 Ba6 54. Rb6 Bc8 55. Rh6 h4 56. Rh5 f6 57. Rh8 Ba6 58. Re8+ Kf5 59. Rd8
Ke6 60. Rb8 Kf5 61. Rb6 Bc4 62. Rd6 Kg6 63. g3 hxg3 64. fxg3 Kf7 65. Rb6 Kg6
66. Rb8 f5 67. Rb6+ Kg7 68. Ke3 f4+ 69. gxf4 gxf4+ 70. Kd2 Kf7 71. h4 f3 72.
Rb1 Kg6 73. Rf1 Kh5 74. Rxf3 Kxh4 75. Rf8 Kg5 76. Ke3 Kg6 77. Rc8 Kf6 78. Rf8+
Ke6 79. Rf2 Ke7 80. Rh2 Ke6 81. Kf4 Kf6 82. Rb2 Ke6 83. Rb6+ Kd7 84. Ke3 Kc7
1/2-1/2

[Event "ENG-ch Senior 65+"]
[Site "Leamington"]
[Date "2023.05.05"]
[Round "3.9"]
[White "Baguley, John"]
[Black "Erdogan, Hassan"]
[Result "0-1"]
[WhiteElo "1811"]
[BlackElo "1831"]
[PlyCount "76"]
[EventDate "2023.05.04"]
[EventType "swiss"]
[EventRounds "7"]
[EventCountry "ENG"]
[SourceTitle "BritBase"]
[Source "John Saunders"]
[SourceDate "2023.05.08"]
[SourceVersion "1"]
[SourceVersionDate "2023.05.08"]
[SourceQuality "1"]

1. d4 d6 2. Bf4 Nf6 3. e3 e6 4. Nd2 Be7 5. Bd3 O-O 6. Ngf3 Nbd7 7. Qe2 b6 8. h4
c5 9. c3 cxd4 10. exd4 Bb7 11. h5 Re8 12. h6 g6 13. O-O-O Rc8 14. Rdg1 Bf8 15.
Bg5 Qc7 16. Kb1 Be7 17. Bf4 Rcd8 18. Bxg6 hxg6 19. h7+ Kh8 20. Ng5 Rf8 21. Ndf3
Nh5 22. Bc1 Ng7 23. Rh2 Bf6 24. Rgh1 e5 25. dxe5 dxe5 26. Ne4 Bxe4+ 27. Qxe4
Nc5 28. Qg4 Qd7 29. Qc4 Qd3+ 30. Qxd3 Nxd3 31. Bh6 Nxf2 32. Rf1 Ng4 33. Bxg7+
Bxg7 34. Rhh1 f5 35. Ng5 Rd6 36. Kc1 Bh6 37. Rxh6 Nxh6 38. Re1 e4 0-1

[Event "ENG-ch Senior 65+"]
[Site "Leamington"]
[Date "2023.05.05"]
[Round "3.10"]
[White "Neatherway, A Philip"]
[Black "Stokes, Mike R"]
[Result "1/2-1/2"]
[WhiteElo "1739"]
[BlackElo "1973"]
[PlyCount "101"]
[EventDate "2023.05.04"]
[EventType "swiss"]
[EventRounds "7"]
[EventCountry "ENG"]
[SourceTitle "BritBase"]
[Source "John Saunders"]
[SourceDate "2023.05.08"]
[SourceVersion "1"]
[SourceVersionDate "2023.05.08"]
[SourceQuality "1"]

1. e4 e5 2. Nf3 Nc6 3. Bb5 a6 4. Ba4 Be7 5. O-O b5 6. Bb3 Nf6 7. Qe2 O-O 8. c3
d5 9. d3 Be6 10. Nbd2 h6 11. Re1 dxe4 12. dxe4 Qd7 13. Bxe6 Qxe6 14. Nf1 Rad8
15. a4 bxa4 16. Rxa4 a5 17. Qc4 Qd7 18. Ng3 Rfe8 19. Nf5 Bf8 20. h3 Re6 21. Be3
Ne8 22. Raa1 Nd6 23. Nxd6 Bxd6 24. Rad1 Qe8 25. Nh4 Ra8 26. Nf5 Ne7 27. Nxd6
cxd6 28. Qc7 Ra6 29. Qb7 Qa8 30. Qxa8+ Rxa8 31. Ra1 d5 32. Bc5 dxe4 33. Bxe7
Rxe7 34. Rxe4 f6 35. Rea4 Rb7 36. b4 Rc8 37. bxa5 Rxc3 38. a6 Ra7 39. Rb1 Rc6
40. Rba1 Kf7 41. Kf1 Ke6 42. Ke2 f5 43. R1a3 g5 44. Kf3 e4+ 45. Ke3 Rd6 46. g4
fxg4 47. hxg4 Kf6 48. Kxe4 Re7+ 49. Kf3 Ra7 50. Ke4 Re7+ 51. Kf3 1/2-1/2

[Event "ENG-ch Senior 65+"]
[Site "Leamington"]
[Date "2023.05.05"]
[Round "3.11"]
[White "Bellers, Chris JV"]
[Black "Hall, Alan A"]
[Result "1/2-1/2"]
[WhiteElo "1900"]
[BlackElo "1747"]
[PlyCount "134"]
[EventDate "2023.05.04"]
[EventType "swiss"]
[EventRounds "7"]
[EventCountry "ENG"]
[SourceTitle "BritBase"]
[Source "John Saunders"]
[SourceDate "2023.05.08"]
[SourceVersion "1"]
[SourceVersionDate "2023.05.08"]
[SourceQuality "1"]

1. c4 Nf6 2. g3 e5 3. Bg2 d5 4. cxd5 Nxd5 5. Nf3 Nc6 6. O-O Be7 7. d4 exd4 8.
Nxd4 Nxd4 9. Qxd4 Nb4 10. Qxd8+ Bxd8 11. Nc3 O-O 12. Bf4 c6 13. Bd6 Na6 14.
Bxf8 Kxf8 15. Rac1 Bf6 16. Rfd1 Be6 17. b3 Nc7 18. Ne4 Be7 19. Nc5 Bxc5 20.
Rxc5 a5 21. Rc2 Ke7 22. Rb2 Ra6 23. e4 Rb6 24. Rbd2 Nb5 25. h3 a4 26. bxa4 Nc3
27. Ra1 Nxa4 28. f4 g6 29. g4 Bc8 30. Bf3 Rb4 31. f5 c5 32. Rc1 b5 33. a3 Rb3
34. Bd1 Rxa3 35. Bxa4 bxa4 36. Rxc5 Ba6 37. Rc7+ Ke8 38. f6 Rd3 39. Rxd3 Bxd3
40. Kf2 Bb1 41. Ra7 Bc2 42. Ke3 Bb3 43. Kd4 Kd8 44. Kc5 Kc8 45. Kc6 Kb8 46. Kb6
Kc8 47. Kc6 Kb8 48. Ra5 Bc2 49. e5 Bb3 50. Kd6 Kb7 51. Ke7 Kb6 52. Rxa4 Kc5 53.
Ra5+ Kd4 54. Kd6 Ke4 55. Ra7 Kf4 56. Re7 Kg5 57. Rb7 Be6 58. Rc7 h5 59. gxh5
gxh5 60. Rc3 Kf4 61. Ra3 h4 62. Rc3 Kg5 63. Rf3 Kg6 64. Ke7 Bc8 65. Kf8 Be6 66.
Ke7 Bc8 67. Rc3 Be6 1/2-1/2

[Event "ENG-ch Senior 65+"]
[Site "Leamington"]
[Date "2023.05.05"]
[Round "3.12"]
[White "Waldock, Adrian Dp"]
[Black "Goodwin, Ed H"]
[Result "0-1"]
[WhiteElo "1686"]
[BlackElo "1817"]
[PlyCount "87"]
[EventDate "2023.05.04"]
[EventType "swiss"]
[EventRounds "7"]
[EventCountry "ENG"]
[SourceTitle "BritBase"]
[Source "John Saunders"]
[SourceDate "2023.05.08"]
[SourceVersion "1"]
[SourceVersionDate "2023.05.08"]
[SourceQuality "1"]

1. e4 e6 2. d4 d5 3. Nd2 Nc6 4. Ngf3 Nf6 5. e5 Nd7 6. c3 f6 7. exf6 Qxf6 8. Nb3
Bd6 9. Bg5 Qf7 10. Qd2 O-O 11. O-O-O Nf6 12. Bd3 Ne4 13. Bxe4 dxe4 14. Ne5 Bxe5
15. dxe5 Nxe5 16. Nc5 Qf5 17. Be3 b6 18. Nb3 Nd3+ 19. Kb1 e5 20. c4 Be6 21. Qc3
Qf7 22. Nd2 Bf5 23. h3 Qe6 24. b3 Nxf2 25. Rdf1 Nxh1 26. Rxh1 Rad8 27. Re1 Rd3
28. Qc1 Rfd8 29. Nf1 Qd7 30. g4 Bg6 31. Kb2 Rd1 32. Rxd1 Qxd1 33. Bg5 Qxc1+ 34.
Kxc1 Rf8 35. Ne3 c6 36. h4 h6 37. Be7 Rf3 38. Kd2 Kf7 39. Bb4 Rf2+ 40. Kc3 Re2
41. Nf5 Bxf5 42. gxf5 Kf6 43. Bd6 Kxf5 44. Bf8 0-1

[Event "ENG-ch Senior 65+"]
[Site "Leamington"]
[Date "2023.05.05"]
[Round "3.13"]
[White "Carpenter, David J"]
[Black "Daniels, David W"]
[Result "0-1"]
[WhiteElo "1497"]
[BlackElo "1621"]
[PlyCount "55"]
[EventDate "2023.05.04"]
[EventType "swiss"]
[EventRounds "7"]
[EventCountry "ENG"]
[SourceTitle "BritBase"]
[Source "John Saunders"]
[SourceDate "2023.05.08"]
[SourceVersion "1"]
[SourceVersionDate "2023.05.08"]
[SourceQuality "1"]

1. Nf3 Nf6 2. g3 d5 3. Bg2 c5 4. d3 Nc6 5. O-O e6 6. Nbd2 Be7 7. e4 O-O 8. Re1
b5 9. c3 a5 10. e5 Nd7 11. d4 Qb6 12. Nf1 cxd4 13. cxd4 Ba6 14. Ne3 Rac8 15.
Nc2 Rc7 16. Be3 Rfc8 17. Rc1 b4 18. b3 Na7 19. Na1 Nb5 20. Rxc7 Rxc7 21. Bf1
Nc3 22. Qd2 Bb5 23. Bxb5 Qxb5 24. Kg2 a4 25. Ng1 axb3 26. axb3 Ra7 27. Ne2 Nxe2
28. Nc2 0-1

[Event "ENG-ch Senior 65+"]
[Site "Leamington"]
[Date "2023.05.05"]
[Round "3.14"]
[White "Collins, Nigel"]
[Black "Barton, R Alan"]
[Result "1/2-1/2"]
[WhiteElo "1454"]
[BlackElo "1840"]
[PlyCount "47"]
[EventDate "2023.05.04"]
[EventType "swiss"]
[EventRounds "7"]
[EventCountry "ENG"]
[SourceTitle "BritBase"]
[Source "John Saunders"]
[SourceDate "2023.05.08"]
[SourceVersion "1"]
[SourceVersionDate "2023.05.08"]
[SourceQuality "1"]

1. c4 e5 2. Nc3 Nc6 3. g3 d6 4. Bg2 Be6 5. d3 Qd7 6. e4 g6 7. Nge2 Bg7 8. O-O
Bh3 9. Be3 h5 10. f3 Bxg2 11. Kxg2 f5 12. h4 Nge7 13. Nd5 Nxd5 14. cxd5 Nd8 15.
d4 O-O 16. dxe5 dxe5 17. Qc2 fxe4 18. fxe4 Rxf1 19. Rxf1 Nf7 20. Ng1 Re8 21.
Rc1 Nd6 22. Nh3 Bf6 23. Bg5 Bg7 24. Be3 1/2-1/2

[Event "ENG-ch Senior 65+"]
[Site "Leamington"]
[Date "2023.05.05"]
[Round "3.15"]
[White "Earlam, Anthony"]
[Black "Pollyn, Stephen M"]
[Result "1/2-1/2"]
[WhiteElo "1644"]
[BlackElo "1791"]
[PlyCount "46"]
[EventDate "2023.05.04"]
[EventType "swiss"]
[EventRounds "7"]
[EventCountry "ENG"]
[SourceTitle "BritBase"]
[Source "John Saunders"]
[SourceDate "2023.05.08"]
[SourceVersion "1"]
[SourceVersionDate "2023.05.08"]
[SourceQuality "1"]

1. e4 c5 2. Nf3 d6 3. Nc3 a6 4. a4 e6 5. d4 cxd4 6. Nxd4 Qc7 7. Be3 Nd7 8. Bd3
Ngf6 9. O-O Be7 10. f4 O-O 11. Qf3 b6 12. Qg3 Bb7 13. Rae1 Nc5 14. e5 Ne8 15.
Bd2 Nxd3 16. cxd3 Rd8 17. Nf3 Bxf3 18. Rxf3 g6 19. Rc1 Qd7 20. Qf2 b5 21. axb5
axb5 22. Ne4 dxe5 23. fxe5 Qd4 1/2-1/2

[Event "ENG-ch Senior 65+"]
[Site "Leamington"]
[Date "2023.05.05"]
[Round "3.16"]
[White "Seymour, Paul"]
[Black "Jones, Michael R"]
[Result "1-0"]
[WhiteElo "1599"]
[BlackElo "1477"]
[PlyCount "83"]
[EventDate "2023.05.04"]
[EventType "swiss"]
[EventRounds "7"]
[EventCountry "ENG"]
[SourceTitle "BritBase"]
[Source "John Saunders"]
[SourceDate "2023.05.08"]
[SourceVersion "1"]
[SourceVersionDate "2023.05.08"]
[SourceQuality "1"]

1. d4 d6 2. Bf4 g6 3. Nf3 Bg7 4. e3 Nd7 5. c3 e5 6. Bg3 Nh6 7. h3 Qe7 8. Be2
O-O 9. O-O c6 10. Nbd2 Nf5 11. Bh2 Re8 12. Rc1 e4 13. Ne1 d5 14. c4 b6 15. cxd5
cxd5 16. Rc7 Qf6 17. Bb5 Re7 18. Qc2 Re8 19. Bxd7 Bxd7 20. Rxd7 Qe6 21. Rc7 Bf8
22. Nb1 Bd6 23. Bxd6 Qxd6 24. Qc3 Nh4 25. a3 Qe6 26. Qc6 Qf5 27. Qd7 Qxd7 28.
Rxd7 Rec8 29. Nc3 Rd8 30. Rxd5 Rxd5 31. Nxd5 Kg7 32. Nc3 f5 33. g3 Nf3+ 34.
Nxf3 exf3 35. Rc1 g5 36. e4 f4 37. gxf4 gxf4 38. Kh2 Kh6 39. Rg1 Rd8 40. d5 a6
41. Rg4 Rf8 42. d6 1-0